[Event "ODJM B 2025"]
[Site "Willingen GER"]
[Date "2025.06.08"]
[Round "1"]
[White "Fabritius, Wolf"]
[Black "Reuß, Till-Christopher"]
[Result "0-1"]
[Termination "normal"]
[Board "12"]
[WhiteElo "1551"]
[BlackElo "1845"]
[WhiteClock "00:09:46"]
[BlackClock "00:04:58"]
[PlyCount "156"]
[WhiteFideId "34632603"]
[BlackFideId "533011524"]
[EventCountry "GER"]
[EventRounds "9"]
[EventType "swiss"]
[EventDate "2025.06.07"]

1. d4 {[%clk 01:30:59]} d5 {[%clk 01:26:53]} {[%emt 00:04:07]} 2. Nf3 {[%clk
01:31:22]} {[%emt 00:00:08]} Nf6 {[%clk 01:27:11]} {[%emt 00:00:12]} 3. c4
{[%clk 01:31:47]} {[%emt 00:00:05]} c6 {[%clk 01:27:38]} {[%emt 00:00:02]} 4.
Bf4 {[%clk 01:31:21]} {[%emt 00:00:56]} Qb6 {[%clk 01:24:42]} {[%emt 00:03:26]}
5. Qc2 {[%clk 01:30:23]} {[%emt 00:01:28]} Bg4 {[%clk 01:21:39]} {[%emt
00:03:32]} 6. Nbd2 {[%clk 01:29:03]} {[%emt 00:01:51]} e6 {[%clk 01:21:28]}
{[%emt 00:00:41]} 7. c5 {[%clk 01:26:31]} {[%emt 00:03:03]} Qd8 {[%clk
01:17:10]} {[%emt 00:04:47]} 8. e3 {[%clk 01:24:54]} {[%emt 00:02:07]} Bf5
{[%clk 01:12:56]} {[%emt 00:04:44]} 9. Qb3 {[%clk 01:22:53]} {[%emt 00:02:31]}
b6 {[%clk 01:10:49]} {[%emt 00:02:37]} 10. Bxb8 {[%clk 01:21:50]} {[%emt
00:01:33]} Qxb8 {[%clk 01:04:37]} {[%emt 00:06:42]} 11. Qa4 {[%clk 01:22:13]}
{[%emt 00:00:08]} Qb7 {[%clk 00:57:00]} {[%emt 00:08:06]} 12. Qa6 {[%clk
01:16:51]} {[%emt 00:05:52]} Rb8 {[%clk 00:54:12]} {[%emt 00:03:18]} 13. Qxb7
{[%clk 01:14:32]} {[%emt 00:02:48]} Rxb7 {[%clk 00:54:36]} {[%emt 00:00:07]}
14. b4 {[%clk 01:14:55]} {[%emt 00:00:07]} Nd7 {[%clk 00:51:56]} {[%emt
00:03:10]} 15. b5 {[%clk 01:13:46]} {[%emt 00:01:39]} Rc7 {[%clk 00:42:34]}
{[%emt 00:09:52]} 16. bxc6 {[%clk 01:13:51]} {[%emt 00:00:26]} Nb8 {[%clk
00:41:35]} {[%emt 00:01:28]} 17. Bb5 {[%clk 01:12:30]} {[%emt 00:01:52]} bxc5
{[%clk 00:39:38]} {[%emt 00:02:26]} 18. dxc5 {[%clk 01:11:59]} {[%emt
00:01:01]} Bxc5 {[%clk 00:38:19]} {[%emt 00:01:48]} 19. O-O {[%clk 01:09:52]}
{[%emt 00:02:39]} O-O {[%clk 00:38:03]} {[%emt 00:00:46]} 20. Nh4 {[%clk
01:08:09]} {[%emt 00:02:12]} Bg6 {[%clk 00:37:11]} {[%emt 00:01:23]} 21. Nxg6
{[%clk 01:07:46]} {[%emt 00:00:52]} hxg6 {[%clk 00:37:16]} {[%emt 00:00:24]}
22. Rfc1 {[%clk 01:05:31]} {[%emt 00:02:45]} Bb6 {[%clk 00:34:13]} {[%emt
00:03:34]} 23. Rc2 {[%clk 00:59:49]} {[%emt 00:06:13]} Rfc8 {[%clk 00:33:18]}
{[%emt 00:01:24]} 24. Rac1 {[%clk 00:57:08]} {[%emt 00:03:10]} Kf8 {[%clk
00:32:39]} {[%emt 00:01:09]} 25. Nf3 {[%clk 00:55:29]} {[%emt 00:02:10]} f6
{[%clk 00:31:03]} {[%emt 00:02:06]} 26. Ne1 {[%clk 00:45:48]} {[%emt 00:10:11]}
Ke7 {[%clk 00:28:08]} {[%emt 00:03:25]} 27. Nd3 {[%clk 00:45:33]} {[%emt
00:00:44]} a5 {[%clk 00:22:35]} {[%emt 00:06:05]} 28. Kf1 {[%clk 00:27:36]}
{[%emt 00:18:26]} Kd6 {[%clk 00:21:45]} {[%emt 00:01:20]} 29. Ke2 {[%clk
00:25:13]} {[%emt 00:02:53]} g5 {[%clk 00:16:35]} {[%emt 00:05:40]} 30. Nb2
{[%clk 00:22:53]} {[%emt 00:02:49]} Nxc6 {[%clk 00:15:42]} {[%emt 00:01:23]}
31. Kd2 {[%clk 00:20:24]} {[%emt 00:02:59]} Ne5 {[%clk 00:12:12]} {[%emt
00:04:01]} 32. Na4 {[%clk 00:18:40]} {[%emt 00:02:15]} Rxc2+ {[%clk 00:08:45]}
{[%emt 00:03:57]} 33. Rxc2 {[%clk 00:18:58]} {[%emt 00:00:12]} Rxc2+ {[%clk
00:08:53]} {[%emt 00:00:21]} 34. Kxc2 {[%clk 00:19:22]} {[%emt 00:00:06]} Ba7
{[%clk 00:07:51]} {[%emt 00:01:33]} 35. Be2 {[%clk 00:19:05]} {[%emt 00:00:46]}
Nc6 {[%clk 00:06:10]} {[%emt 00:02:11]} 36. Nc3 {[%clk 00:18:13]} {[%emt
00:01:22]} Kc5 {[%clk 00:06:06]} {[%emt 00:00:34]} 37. Kb3 {[%clk 00:17:50]}
{[%emt 00:00:53]} d4 {[%clk 00:04:46]} {[%emt 00:01:51]} 38. Na4+ {[%clk
00:15:11]} {[%emt 00:03:08]} Kd6 {[%clk 00:04:29]} {[%emt 00:00:45]} 39. e4
{[%clk 00:14:02]} {[%emt 00:01:41]} Ne5 {[%clk 00:02:32]} {[%emt 00:02:27]} 40.
Nb2 {[%clk 00:13:23]} {[%emt 00:01:09]} Kc6 {[%clk 00:01:08]} {[%emt 00:01:54]}
41. Nc4 {[%clk 00:13:03]} {[%emt 00:00:49]} Nxc4 {[%clk 00:26:51]} {[%emt
00:10:04]} 42. Kxc4 {[%clk 00:40:35]} {[%emt 00:03:28]} Bc5 {[%clk 00:22:50]}
{[%emt 00:04:31]} 43. Bd3 {[%clk 00:38:51]} {[%emt 00:02:14]} Kd6 {[%clk
00:21:55]} {[%emt 00:01:25]} 44. f3 {[%clk 00:36:55]} {[%emt 00:02:24]} Bb6
{[%clk 00:20:51]} {[%emt 00:01:33]} 45. g3 {[%clk 00:32:12]} {[%emt 00:05:13]}
g6 {[%clk 00:18:46]} {[%emt 00:02:32]} 46. a4 {[%clk 00:31:00]} {[%emt
00:01:47]} Ke5 {[%clk 00:17:59]} {[%emt 00:01:16]} 47. Kb5 {[%clk 00:28:28]}
{[%emt 00:03:03]} Bc7 {[%clk 00:17:00]} {[%emt 00:01:29]} 48. Bc2 {[%clk
00:24:55]} {[%emt 00:04:04]} f5 {[%clk 00:13:35]} {[%emt 00:03:55]} 49. h3
{[%clk 00:23:06]} {[%emt 00:02:17]} d3 {[%clk 00:09:28]} {[%emt 00:04:38]} 50.
Bxd3 {[%clk 00:20:41]} {[%emt 00:02:55]} Kd4 {[%clk 00:09:13]} {[%emt
00:00:45]} 51. exf5 {[%clk 00:17:33]} {[%emt 00:03:39]} gxf5 {[%clk 00:08:32]}
{[%emt 00:01:11]} 52. Bc4 {[%clk 00:15:55]} {[%emt 00:02:08]} e5 {[%clk
00:07:34]} {[%emt 00:01:27]} 53. h4 {[%clk 00:11:26]} {[%emt 00:05:00]} f4
{[%clk 00:01:59]} {[%emt 00:06:05]} 54. gxf4 {[%clk 00:09:03]} {[%emt
00:02:52]} gxh4 {[%clk 00:01:23]} {[%emt 00:01:06]} 55. fxe5 {[%clk 00:07:17]}
{[%emt 00:02:16]} Kxe5 {[%clk 00:01:07]} {[%emt 00:00:47]} 56. Bf1 {[%clk
00:06:30]} {[%emt 00:01:16]} Kf4 {[%clk 00:01:11]} {[%emt 00:00:27]} 57. Kc6
{[%clk 00:06:44]} {[%emt 00:00:16]} Be5 {[%clk 00:01:20]} {[%emt 00:00:18]} 58.
Kb5 {[%clk 00:06:37]} {[%emt 00:00:39]} Bc3 {[%clk 00:01:49]} {[%emt 00:00:01]}
59. Kc4 {[%clk 00:06:08]} {[%emt 00:00:59]} Bb4 {[%clk 00:02:08]} {[%emt
00:00:10]} 60. Kb5 {[%clk 00:06:27]} {[%emt 00:00:12]} Kxf3 {[%clk 00:02:22]}
{[%emt 00:00:17]} 61. Bc4 {[%clk 00:06:08]} {[%emt 00:00:48]} h3 {[%clk
00:02:34]} {[%emt 00:00:18]} 62. Be6 {[%clk 00:06:30]} {[%emt 00:00:09]} h2
{[%clk 00:02:43]} {[%emt 00:00:20]} 63. Bc4 {[%clk 00:06:55]} {[%emt 00:00:05]}
Kf2 {[%clk 00:02:57]} {[%emt 00:00:14]} 64. Bd5 {[%clk 00:06:48]} {[%emt
00:00:39]} Kg1 {[%clk 00:03:13]} {[%emt 00:00:14]} 65. Ba8 {[%clk 00:06:59]}
{[%emt 00:00:19]} h1=Q {[%clk 00:03:20]} {[%emt 00:00:24]} 66. Bxh1 {[%clk
00:06:55]} {[%emt 00:00:33]} Kxh1 {[%clk 00:03:40]} {[%emt 00:00:10]} 67. Kc4
{[%clk 00:07:19]} {[%emt 00:00:06]} Kg2 {[%clk 00:03:54]} {[%emt 00:00:16]} 68.
Kd4 {[%clk 00:07:27]} {[%emt 00:00:22]} Kf2 {[%clk 00:03:58]} {[%emt 00:00:26]}
69. Kd3 {[%clk 00:07:40]} {[%emt 00:00:16]} Ke1 {[%clk 00:03:50]} {[%emt
00:00:39]} 70. Kc2 {[%clk 00:07:53]} {[%emt 00:00:17]} Ke2 {[%clk 00:04:10]}
{[%emt 00:00:10]} 71. Kc1 {[%clk 00:08:06]} {[%emt 00:00:18]} Kd3 {[%clk
00:04:05]} {[%emt 00:00:33]} 72. Kb2 {[%clk 00:08:27]} {[%emt 00:00:10]} Kc4
{[%clk 00:03:49]} {[%emt 00:00:44]} 73. Ka2 {[%clk 00:08:27]} {[%emt 00:00:33]}
Kc3 {[%clk 00:04:01]} {[%emt 00:00:17]} 74. Ka1 {[%clk 00:08:44]} {[%emt
00:00:13]} Kb3 {[%clk 00:04:00]} {[%emt 00:00:31]} 75. Kb1 {[%clk 00:08:58]}
{[%emt 00:00:16]} Kxa4 {[%clk 00:04:14]} {[%emt 00:00:16]} 76. Ka2 {[%clk
00:09:14]} {[%emt 00:00:14]} Bc3 {[%clk 00:04:27]} {[%emt 00:00:14]} 77. Kb1
{[%clk 00:09:22]} {[%emt 00:00:26]} Kb3 {[%clk 00:04:46]} {[%emt 00:00:11]} 78.
Kc1 {[%clk 00:09:46]} {[%emt 00:00:06]} a4 {[%clk 00:04:58]} {[%emt 00:00:17]}
0-1

[Event "ODJM B 2025"]
[Site "Willingen GER"]
[Date "2025.06.08"]
[Round "1"]
[White "Geschke, David"]
[Black "Hesse, Frederik"]
[Result "1-0"]
[Termination "normal"]
[Board "13"]
[WhiteElo "1824"]
[BlackElo "1663"]
[WhiteClock "00:10:05"]
[BlackClock "00:18:24"]
[PlyCount "73"]
[WhiteFideId "34619658"]
[BlackFideId "34600094"]
[EventCountry "GER"]
[EventRounds "9"]
[EventType "swiss"]
[EventDate "2025.06.07"]

1. d4 {[%clk 01:30:57]} {[%emt 00:00:02]} Nf6 {[%clk 01:30:40]} {[%emt
00:00:20]} 2. c4 {[%clk 01:31:21]} {[%emt 00:00:06]} g6 {[%clk 01:30:27]}
{[%emt 00:00:43]} 3. Nc3 {[%clk 01:31:45]} {[%emt 00:00:06]} Bg7 {[%clk
01:30:39]} {[%emt 00:00:18]} 4. e4 {[%clk 01:31:54]} {[%emt 00:00:21]} d6
{[%clk 01:30:58]} {[%emt 00:00:12]} 5. Nf3 {[%clk 01:32:19]} {[%emt 00:00:05]}
O-O {[%clk 01:31:07]} {[%emt 00:00:21]} 6. Be2 {[%clk 01:32:21]} {[%emt
00:00:26]} Nc6 {[%clk 01:30:55]} {[%emt 00:00:43]} 7. O-O {[%clk 01:32:08]}
{[%emt 00:00:42]} Re8 {[%clk 01:29:28]} {[%emt 00:01:58]} 8. d5 {[%clk
01:31:07]} {[%emt 00:01:31]} Ne5 {[%clk 01:28:12]} {[%emt 00:01:46]} 9. Nxe5
{[%clk 01:27:24]} {[%emt 00:04:13]} dxe5 {[%clk 01:28:26]} {[%emt 00:00:17]}
10. b4 {[%clk 01:25:53]} {[%emt 00:02:01]} e6 {[%clk 01:25:42]} {[%emt
00:03:14]} 11. Be3 {[%clk 01:23:25]} {[%emt 00:02:57]} exd5 {[%clk 01:24:51]}
{[%emt 00:01:22]} 12. cxd5 {[%clk 01:23:06]} {[%emt 00:00:47]} b6 {[%clk
01:22:46]} {[%emt 00:02:36]} 13. Bb5 {[%clk 01:15:32]} {[%emt 00:08:02]} Bd7
{[%clk 01:22:14]} {[%emt 00:01:03]} 14. Qc2 {[%clk 01:12:50]} {[%emt 00:03:12]}
a6 {[%clk 01:19:09]} {[%emt 00:03:36]} 15. Bc4 {[%clk 01:09:24]} {[%emt
00:03:55]} Qe7 {[%clk 01:15:43]} {[%emt 00:03:56]} 16. a3 {[%clk 01:08:38]}
{[%emt 00:01:17]} Rf8 {[%clk 01:14:43]} {[%emt 00:01:30]} 17. Rfd1 {[%clk
01:06:34]} {[%emt 00:02:32]} Ne8 {[%clk 01:10:15]} {[%emt 00:05:00]} 18. d6
{[%clk 00:58:40]} {[%emt 00:08:25]} Nxd6 {[%clk 01:06:58]} {[%emt 00:03:45]}
19. Nd5 {[%clk 00:58:20]} {[%emt 00:00:50]} Qh4 {[%clk 01:03:36]} {[%emt
00:03:52]} 20. Nxc7 {[%clk 00:51:51]} {[%emt 00:07:00]} Nxc4 {[%clk 00:54:19]}
{[%emt 00:09:47]} 21. Qxc4 {[%clk 00:44:15]} {[%emt 00:08:06]} Ba4 {[%clk
00:51:25]} {[%emt 00:03:24]} 22. Nxa8 {[%clk 00:41:47]} {[%emt 00:02:59]} Bxd1
{[%clk 00:51:09]} {[%emt 00:00:46]} 23. Rxd1 {[%clk 00:38:46]} {[%emt
00:03:30]} Rxa8 {[%clk 00:51:03]} {[%emt 00:00:36]} 24. Bxb6 {[%clk 00:37:20]}
{[%emt 00:01:55]} Qe7 {[%clk 00:47:12]} {[%emt 00:04:22]} 25. Qc6 {[%clk
00:32:25]} {[%emt 00:05:23]} Rb8 {[%clk 00:35:00]} {[%emt 00:12:43]} 26. Bc5
{[%clk 00:31:46]} {[%emt 00:01:10]} Qh4 {[%clk 00:32:48]} {[%emt 00:02:42]} 27.
f3 {[%clk 00:24:14]} {[%emt 00:08:02]} a5 {[%clk 00:29:39]} {[%emt 00:03:39]}
28. Qc7 {[%clk 00:21:18]} {[%emt 00:03:22]} Ra8 {[%clk 00:27:21]} {[%emt
00:02:52]} 29. b5 {[%clk 00:15:31]} {[%emt 00:06:15]} Bf8 {[%clk 00:22:49]}
{[%emt 00:05:04]} 30. Bxf8 {[%clk 00:11:52]} {[%emt 00:04:08]} Kxf8 {[%clk
00:22:48]} {[%emt 00:00:30]} 31. b6 {[%clk 00:11:42]} {[%emt 00:00:41]} Qg5
{[%clk 00:21:29]} {[%emt 00:01:50]} 32. b7 {[%clk 00:10:56]} {[%emt 00:01:15]}
Qe3+ {[%clk 00:19:42]} {[%emt 00:02:18]} 33. Kh1 {[%clk 00:09:33]} {[%emt
00:01:52]} Qe2 {[%clk 00:17:55]} {[%emt 00:02:19]} 34. bxa8=Q+ {[%clk
00:09:33]} {[%emt 00:00:29]} Kg7 {[%clk 00:18:08]} {[%emt 00:00:16]} 35. Qxe5+
{[%clk 00:09:49]} {[%emt 00:00:13]} f6 {[%clk 00:18:08]} {[%emt 00:00:31]} 36.
Rd7+ {[%clk 00:10:07]} {[%emt 00:00:10]} Kh6 {[%clk 00:18:24]} {[%emt
00:00:16]} 37. Qf8# {[%clk 00:10:05]} {[%emt 00:00:02]} 1-0

[Event "ODJM B 2025"]
[Site "Willingen GER"]
[Date "2025.06.08"]
[Round "1"]
[White "Maraun, Lias"]
[Black "Oblender, Rudi"]
[Result "0-1"]
[Termination "normal"]
[Board "14"]
[WhiteElo "1763"]
[BlackElo "1761"]
[WhiteClock "00:01:02"]
[BlackClock "00:50:09"]
[PlyCount "76"]
[WhiteFideId "533017441"]
[BlackFideId "34625089"]
[EventCountry "GER"]
[EventRounds "9"]
[EventType "swiss"]
[EventDate "2025.06.07"]

1. d4 {[%clk 01:30:48]} {[%emt 00:00:12]} Nf6 {[%clk 01:30:57]} {[%emt
00:00:03]} 2. Nc3 {[%clk 01:30:45]} {[%emt 00:00:33]} e6 {[%clk 01:31:22]}
{[%emt 00:00:05]} 3. e4 {[%clk 01:30:31]} {[%emt 00:00:44]} d5 {[%clk
01:31:46]} {[%emt 00:00:07]} 4. e5 {[%clk 01:30:13]} {[%emt 00:00:47]} Nfd7
{[%clk 01:31:49]} {[%emt 00:00:28]} 5. f4 {[%clk 01:29:29]} {[%emt 00:01:13]}
c5 {[%clk 01:31:10]} {[%emt 00:01:09]} 6. Nf3 {[%clk 01:28:58]} {[%emt
00:01:01]} Be7 {[%clk 01:31:08]} {[%emt 00:00:32]} 7. Be3 {[%clk 01:26:13]}
{[%emt 00:03:15]} cxd4 {[%clk 01:30:04]} {[%emt 00:01:35]} 8. Nxd4 {[%clk
01:25:47]} {[%emt 00:00:55]} a6 {[%clk 01:30:20]} {[%emt 00:00:14]} 9. Be2
{[%clk 01:18:25]} {[%emt 00:07:51]} Nc6 {[%clk 01:30:46]} {[%emt 00:00:05]} 10.
O-O {[%clk 01:08:59]} {[%emt 00:09:56]} Bc5 {[%clk 01:28:15]} {[%emt 00:03:00]}
11. Na4 {[%clk 01:06:12]} {[%emt 00:03:18]} Ba7 {[%clk 01:28:25]} {[%emt
00:00:20]} 12. Kh1 {[%clk 00:58:54]} {[%emt 00:07:47]} Ne7 {[%clk 01:26:48]}
{[%emt 00:02:07]} 13. Qd2 {[%clk 00:47:42]} {[%emt 00:11:43]} b5 {[%clk
01:26:10]} {[%emt 00:01:09]} 14. Nc3 {[%clk 00:47:33]} {[%emt 00:00:38]} Nb6
{[%clk 01:22:22]} {[%emt 00:04:17]} 15. b3 {[%clk 00:38:20]} {[%emt 00:09:44]}
Qc7 {[%clk 01:19:28]} {[%emt 00:03:23]} 16. Ncxb5 {[%clk 00:23:56]} {[%emt
00:14:56]} axb5 {[%clk 01:14:46]} {[%emt 00:05:12]} 17. Nxb5 {[%clk 00:24:16]}
{[%emt 00:00:09]} Qd8 {[%clk 01:14:34]} {[%emt 00:00:41]} 18. Qb4 {[%clk
00:20:33]} {[%emt 00:04:14]} d4 {[%clk 01:10:05]} {[%emt 00:05:00]} 19. Bxd4
{[%clk 00:18:29]} {[%emt 00:02:33]} Nbd5 {[%clk 01:08:20]} {[%emt 00:02:14]}
20. Qa4 {[%clk 00:14:29]} {[%emt 00:04:30]} Bxd4 {[%clk 01:07:54]} {[%emt
00:00:56]} 21. Nd6+ {[%clk 00:12:04]} {[%emt 00:02:55]} Kf8 {[%clk 01:08:16]}
{[%emt 00:00:08]} 22. Qxa8 {[%clk 00:12:11]} {[%emt 00:00:24]} Bxa1 {[%clk
01:07:34]} {[%emt 00:01:12]} 23. Rxa1 {[%clk 00:12:22]} {[%emt 00:00:19]} Nb6
{[%clk 01:06:41]} {[%emt 00:01:22]} 24. Qa7 {[%clk 00:11:16]} {[%emt 00:01:36]}
Bd7 {[%emt 00:03:58]} 25. Bf3 {[%clk 00:09:07]} g6 {[%clk 01:04:33]} {[%emt
00:01:49]} 26. Rd1 {[%clk 00:07:37]} {[%emt 00:02:01]} Kg7 {[%clk 01:04:28]}
{[%emt 00:00:35]} 27. Bb7 {[%clk 00:05:39]} {[%emt 00:02:28]} Qc7 {[%clk
01:03:02]} {[%emt 00:01:56]} 28. c4 {[%clk 00:05:27]} {[%emt 00:00:42]} Rb8
{[%clk 01:02:37]} {[%emt 00:00:54]} 29. Qa6 {[%clk 00:03:06]} {[%emt 00:02:52]}
Nc6 {[%clk 01:01:13]} {[%emt 00:01:54]} 30. a4 {[%clk 00:02:26]} {[%emt
00:01:10]} Nd8 {[%clk 00:57:25]} {[%emt 00:04:18]} 31. a5 {[%clk 00:01:15]}
{[%emt 00:01:41]} Na4 {[%clk 00:49:58]} {[%emt 00:07:57]} 32. Bc8 {[%clk
00:00:37]} {[%emt 00:01:08]} Nc5 {[%clk 00:49:42]} {[%emt 00:00:44]} 33. Bxd7
{[%clk 00:00:40]} {[%emt 00:00:29]} Qxd7 {[%clk 00:49:54]} {[%emt 00:00:18]}
34. Ne8+ {[%clk 00:00:34]} {[%emt 00:00:36]} Qxe8 {[%clk 00:50:02]} {[%emt
00:00:22]} 35. Qa7 {[%clk 00:00:58]} {[%emt 00:00:05]} Ndb7 {[%clk 00:49:37]}
{[%emt 00:00:55]} 36. a6 {[%clk 00:01:01]} {[%emt 00:00:27]} Ra8 {[%clk
00:49:21]} {[%emt 00:00:46]} 37. Qxb7 {[%clk 00:00:36]} {[%emt 00:00:55]} Nxb7
{[%clk 00:49:43]} {[%emt 00:00:09]} 38. axb7 {[%clk 00:01:02]} {[%emt
00:00:03]} Rb8 {[%clk 00:50:09]} {[%emt 00:00:05]} 0-1

[Event "ODJM B 2025"]
[Site "Willingen GER"]
[Date "2025.06.08"]
[Round "1"]
[White "Cilo, Seyyid"]
[Black "Wilmink, Luca"]
[Result "1-0"]
[Termination "normal"]
[Board "16"]
[WhiteElo "1717"]
[BlackElo "1779"]
[WhiteClock "00:58:34"]
[BlackClock "00:21:11"]
[PlyCount "107"]
[WhiteFideId "34615938"]
[BlackFideId "16245253"]
[EventCountry "GER"]
[EventRounds "9"]
[EventType "swiss"]
[EventDate "2025.06.07"]

1. d4 {[%clk 01:30:55]} {[%emt 00:00:04]} Nf6 {[%clk 01:30:44]} {[%emt
00:00:16]} 2. Nf3 {[%clk 01:31:20]} {[%emt 00:00:06]} g6 {[%clk 01:30:32]}
{[%emt 00:00:41]} 3. c3 {[%clk 01:31:22]} {[%emt 00:00:28]} Bg7 {[%clk
01:30:07]} {[%emt 00:00:55]} 4. Bf4 {[%clk 01:31:25]} {[%emt 00:00:26]} d6
{[%clk 01:29:55]} {[%emt 00:00:42]} 5. e3 {[%clk 01:31:29]} {[%emt 00:00:27]}
Nbd7 {[%clk 01:29:43]} {[%emt 00:00:42]} 6. Bd3 {[%clk 01:30:43]} {[%emt
00:01:15]} O-O {[%clk 01:29:45]} {[%emt 00:00:29]} 7. Nbd2 {[%clk 01:30:32]}
{[%emt 00:00:41]} Re8 {[%clk 01:29:10]} {[%emt 00:01:05]} 8. O-O {[%clk
01:29:06]} {[%emt 00:01:56]} e5 {[%clk 01:27:20]} {[%emt 00:02:21]} 9. Bg5
{[%clk 01:28:36]} {[%emt 00:01:00]} h6 {[%clk 01:26:59]} {[%emt 00:00:51]} 10.
Bxf6 {[%clk 01:28:52]} {[%emt 00:00:13]} Nxf6 {[%clk 01:27:12]} {[%emt
00:00:17]} 11. Qc2 {[%clk 01:28:15]} {[%emt 00:01:07]} Bg4 {[%clk 01:25:38]}
{[%emt 00:02:05]} 12. Kh1 {[%clk 01:20:05]} {[%emt 00:08:40]} Qd7 {[%clk
01:21:41]} {[%emt 00:04:26]} 13. Rae1 {[%clk 01:14:57]} {[%emt 00:05:38]} Bxf3
{[%clk 01:02:00]} {[%emt 00:20:11]} 14. gxf3 {[%clk 01:14:19]} {[%emt
00:01:08]} d5 {[%clk 01:01:34]} {[%emt 00:00:57]} 15. Rg1 {[%clk 01:11:28]}
{[%emt 00:03:21]} Re6 {[%clk 00:46:40]} {[%emt 00:15:24]} 16. dxe5 {[%clk
01:07:22]} {[%emt 00:04:36]} Rxe5 {[%clk 00:46:55]} {[%emt 00:00:14]} 17. Rg3
{[%clk 01:06:05]} {[%emt 00:01:48]} Nh7 {[%clk 00:43:31]} {[%emt 00:03:54]} 18.
f4 {[%clk 01:04:00]} {[%emt 00:02:34]} Re7 {[%clk 00:43:04]} {[%emt 00:00:58]}
19. f5 {[%clk 01:02:58]} {[%emt 00:01:31]} g5 {[%clk 00:41:33]} {[%emt
00:02:01]} 20. Reg1 {[%clk 01:02:39]} {[%emt 00:00:49]} Rae8 {[%clk 00:38:42]}
{[%emt 00:03:22]} 21. Nb3 {[%clk 00:56:24]} {[%emt 00:06:45]} c5 {[%clk
00:33:12]} {[%emt 00:06:00]} 22. Nxc5 {[%clk 00:51:14]} {[%emt 00:05:40]} Qc6
{[%clk 00:33:29]} {[%emt 00:00:12]} 23. Nb3 {[%clk 00:49:54]} {[%emt 00:01:51]}
d4+ {[%clk 00:33:07]} {[%emt 00:00:52]} 24. e4 {[%clk 00:49:56]} {[%emt
00:00:27]} dxc3 {[%clk 00:32:04]} {[%emt 00:01:33]} 25. bxc3 {[%clk 00:49:11]}
{[%emt 00:01:15]} Qxc3 {[%clk 00:31:55]} {[%emt 00:00:39]} 26. Qxc3 {[%clk
00:47:50]} {[%emt 00:01:51]} Bxc3 {[%clk 00:32:11]} {[%emt 00:00:14]} 27. f4
{[%clk 00:47:39]} {[%emt 00:00:42]} Rd8 {[%clk 00:25:09]} {[%emt 00:07:32]} 28.
fxg5 {[%clk 00:47:12]} {[%emt 00:00:56]} hxg5 {[%clk 00:25:21]} {[%emt
00:00:18]} 29. h4 {[%clk 00:45:38]} {[%emt 00:02:05]} Be5 {[%clk 00:24:49]}
{[%emt 00:01:01]} 30. Rf3 {[%clk 00:45:22]} {[%emt 00:00:47]} f6 {[%clk
00:24:40]} {[%emt 00:00:39]} 31. Nc5 {[%clk 00:40:34]} {[%emt 00:05:18]} Rc8
{[%clk 00:16:44]} {[%emt 00:08:26]} 32. Ne6 {[%clk 00:40:01]} {[%emt 00:01:02]}
Kh8 {[%clk 00:10:55]} {[%emt 00:06:19]} 33. hxg5 {[%clk 00:38:25]} {[%emt
00:02:06]} fxg5 {[%clk 00:08:59]} {[%emt 00:02:26]} 34. Rh3 {[%clk 00:37:15]}
{[%emt 00:01:40]} Rc3 {[%clk 00:04:12]} {[%emt 00:05:17]} 35. Nxg5 {[%clk
00:36:23]} {[%emt 00:01:22]} Rd7 {[%clk 00:00:39]} {[%emt 00:04:04]} 36. Rxh7+
{[%clk 00:32:06]} {[%emt 00:04:46]} Rxh7+ {[%clk 00:01:06]} {[%emt 00:00:02]}
37. Nxh7 {[%clk 00:32:25]} {[%emt 00:00:12]} Rxd3 {[%clk 00:01:30]} {[%emt
00:00:06]} 38. Ng5 {[%clk 00:32:24]} {[%emt 00:00:32]} Bd6 {[%clk 00:01:08]}
{[%emt 00:00:52]} 39. Nf7+ {[%clk 00:32:05]} {[%emt 00:00:49]} Kh7 {[%clk
00:01:37]} {[%emt 00:00:01]} 40. Nxd6 {[%clk 00:31:48]} {[%emt 00:00:47]} Rxd6
{[%clk 00:02:05]} {[%emt 00:00:01]} 41. Re1 {[%clk 00:30:31]} {[%emt 00:01:47]}
Kg7 {[%clk 00:29:58]} {[%emt 00:02:38]} 42. Re2 {[%clk 00:57:52]} {[%emt
00:03:08]} Rd3 {[%clk 00:28:41]} {[%emt 00:01:46]} 43. e5 {[%clk 00:57:39]}
{[%emt 00:00:44]} Rf3 {[%clk 00:27:47]} {[%emt 00:01:24]} 44. e6 {[%clk
00:57:23]} {[%emt 00:00:47]} Kf8 {[%clk 00:27:55]} {[%emt 00:00:21]} 45. e7+
{[%clk 00:57:34]} {[%emt 00:00:19]} Ke8 {[%clk 00:28:11]} {[%emt 00:00:13]} 46.
Re5 {[%clk 00:58:01]} {[%emt 00:00:03]} Rf2 {[%clk 00:25:38]} {[%emt 00:03:04]}
47. Kg1 {[%clk 00:57:56]} {[%emt 00:00:35]} Rf4 {[%clk 00:23:23]} {[%emt
00:02:45]} 48. Kg2 {[%clk 00:58:16]} {[%emt 00:00:11]} Rg4+ {[%clk 00:23:11]}
{[%emt 00:00:41]} 49. Kf3 {[%clk 00:58:27]} {[%emt 00:00:20]} Rg7 {[%clk
00:23:17]} {[%emt 00:00:23]} 50. f6 {[%clk 00:58:27]} {[%emt 00:00:29]} Rg8
{[%clk 00:23:26]} {[%emt 00:00:22]} 51. Kf4 {[%clk 00:58:46]} {[%emt 00:00:11]}
Kf7 {[%clk 00:23:38]} {[%emt 00:00:18]} 52. Kf5 {[%clk 00:58:50]} {[%emt
00:00:27]} a6 {[%clk 00:22:00]} {[%emt 00:02:08]} 53. Rd5 {[%clk 00:58:48]}
{[%emt 00:00:31]} Rg6 {[%clk 00:21:11]} {[%emt 00:01:19]} 54. e8=Q+ {[%clk
00:58:34]} {[%emt 00:00:14]} 1-0